| 000 | 005310000a22001690004500 | ||
|---|---|---|---|
| 041 | 0 | _aSPA | |
| 082 | 0 | 4 | _aG 268.47 D632e |
| 100 | 1 | _aDobbins, Gaines S. (Stanley) (1886-) | |
| 245 | 1 | 0 | _aEnseñando a los adultos en la escuela dominical / Gaines S. Dobbins ; A. E. Corugedo Binería, Traductor |
| 260 | _aEl Paso, TX., USA : Casa Bautista de Publicaciones | ||
| 300 | _a144 Pag | ||
| 001 | 7960 | ||
| 942 | _cBK | ||
| 999 |
_c38160 _d38160 |
||
| 336 |
_atexto _btxt _2rdacontent |
||
| 337 |
_2rdamedia _asin mediación _bn |
||
| 338 |
_2rdacarrier _avolumen _bnc |
||